|
|
|
|
| LEADER |
02329nam a2200613 a 4500 |
| 001 |
nkc20081828307 |
| 003 |
CZ PrNK |
| 005 |
20250702235006.0 |
| 007 |
ta |
| 008 |
081031s2008 xr e 000 0dcze |
| 015 |
|
|
|a cnb001828307
|
| 020 |
|
|
|a 978-80-7017-089-2
|q (brož.)
|
| 035 |
|
|
|a (OCoLC)298778714
|
| 040 |
|
|
|a OLA001
|b cze
|d BOA001
|d ABA001
|
| 041 |
1 |
|
|a cze
|h ger
|
| 043 |
|
|
|a e-gx---
|
| 045 |
|
|
|a x2y0
|
| 072 |
|
7 |
|a 27-4
|x Praktická teologie. Morální teologie
|2 Konspekt
|9 5
|
| 080 |
|
|
|a 27-42
|2 MRF
|
| 080 |
|
|
|a 27-423.77
|2 MRF
|
| 080 |
|
|
|a 159.954.2
|2 MRF
|
| 080 |
|
|
|a 27
|2 MRF
|
| 080 |
|
|
|a 274/278-1
|2 MRF
|
| 080 |
|
|
|a (430)
|2 MRF
|
| 080 |
|
|
|a (0:82-4)
|2 MRF
|
| 100 |
1 |
|
|a Sölle, Dorothee,
|d 1929-2003
|7 skuk0005334
|4 aut
|
| 245 |
1 |
0 |
|a Fantazie a poslušnost :
|b úvahy o budoucí křesťanské etice /
|c Dorothee Sölleová ; přeložili František Potměšil a Karel Trusina
|
| 250 |
|
|
|a 1. vyd.
|
| 260 |
|
|
|a Praha :
|b Kalich,
|c 2008
|
| 300 |
|
|
|a 134 s. ;
|c 18 cm
|
| 490 |
1 |
|
|a Kairos ;
|v sv. 4
|
| 500 |
|
|
|a Přeloženo z němčiny
|
| 504 |
|
|
|a Obsahuje bibliografii a bibliografické odkazy
|
| 505 |
2 |
|
|a Tajemství sněhové vločky : ohlédnutí za životem a dílem Dorothee Sölleové / Jan Zámečník
|
| 648 |
|
4 |
|a 1929-2003
|
| 650 |
0 |
7 |
|a křesťanská etika
|7 ph138484
|2 czenas
|
| 650 |
0 |
7 |
|a poslušnost
|7 ph168245
|x křesťanské pojetí
|2 czenas
|
| 650 |
0 |
7 |
|a fantazie
|7 ph120133
|x křesťanské pojetí
|2 czenas
|
| 650 |
0 |
7 |
|a protestantská teologie
|7 ph124664
|z Německo
|y 20.-21. století
|2 czenas
|
| 650 |
0 |
9 |
|a Christian ethics
|2 eczenas
|
| 650 |
0 |
9 |
|a obedience
|x Christian approach
|2 eczenas
|
| 650 |
0 |
9 |
|a fantasy
|x Christian approach
|2 eczenas
|
| 650 |
0 |
9 |
|a Protestant theology
|z Germany
|y 20th-21st centuries
|2 eczenas
|
| 655 |
|
7 |
|a úvahy
|7 fd134000
|2 czenas
|
| 655 |
|
9 |
|a essays
|2 eczenas
|
| 700 |
1 |
2 |
|a Zámečník, Jan,
|d 1978-
|t Tajemství sněhové vločky
|
| 765 |
0 |
|
|t Phantasie und Gehorsam
|9 Česky
|
| 830 |
|
0 |
|a Kairos (Kalich)
|0 s
|
| 856 |
4 |
1 |
|u http://www.digitalniknihovna.cz/mzk/uuid/uuid:a1785ad0-4ce0-11f0-adbc-005056827e51
|y Digitalizovaný dokument
|x NDK
|
| 910 |
2 |
|
|a BOA001
|b 1-1213.659
|
| 990 |
|
|
|a BK
|
| 995 |
|
|
|a 01
|
| 991 |
|
|
|b 200811
|c NOV
|
| 996 |
6 |
|
|b 2610359911
|c 1-1213.659
|l MZK
|r Sklad / do 1 hodiny
|n 4
|p p.v.
|w 000919766
|u 000010
|a 1
|e BOA001
|j MZK50
|s P
|